Akademija nauk SSSR Gramatika russkogo jazyka 2
| Format: | Book |
|---|---|
| Language: | Undetermined |
| PhysicalDescription: | 237 s. |
| Published: |
Praha
SPN
1956
|
MARC
| LEADER | 00000nam a2200000 a 4500 | ||
|---|---|---|---|
| 001 | vtls001332155 | ||
| 003 | SK-MaSNL | ||
| 005 | 20260223172816.0 | ||
| 008 | 980523s1956 xx 0 und | ||
| 035 | |a SNK000285051 | ||
| 040 | |a SNK |b slo |c SNK |e AACR2 | ||
| 245 | 1 | |a Akademija nauk SSSR Gramatika russkogo jazyka 2 | |
| 260 | |a Praha |b SPN |c 1956 | ||
| 300 | |a 237 s. | ||
| 999 | |c 632449 |d 634379 | ||
| 952 | |t P60, <04>, [BOOK], {604} |a SNK |b SNK |y VYP |7 0 |p 17A0142072 |o snkIB 5497 D1 |0 0 |1 1 |4 0 |d 1998-05-23 |l 0 |r 2005-01-02 00:00:00 |w 2026-02-23 | ||


